Escola Superior d'Agricultura : curs 1917 - 1918 / Escola Superior d'Agricultura curs 1917 - 1918 / Escola Superior d'Agricultura
Descripción Física:
34 p. ; 22 cm
MARC
| LEADER | 00000nam a2200000Ia 4500 | ||
|---|---|---|---|
| 001 | 23509 | ||
| 008 | 160829s9999 xx 000 0 cat d | ||
| 080 | |a RF-16-73 | ||
| 110 | 2 | |a Escola Superior d'Agricultura de Barcelona |9 70055 | |
| 245 | |a Escola Superior d'Agricultura : |b curs 1917 - 1918 / Escola Superior d'Agricultura | ||
| 260 | |a Barcelona : |b Altés, [1917?] | ||
| 300 | |a 34 p. ; |c 22 cm | ||
| 590 | |a Abans del títol: Diputació de Barcelona | ||
| 650 | |a Escola Superior d'Agricultura de Barcelona | ||
| 710 | 1 | |a Barcelona (Catalunya : Província). |b Diputació |9 52408 | |
| 856 | 4 | |u https://media.diba.cat/diba/fitxers/arxiu/fulletons/bib_23509_1917_1918_baixa.pdf |y Accés lliure | |
| 856 | 4 | |u https://media.diba.cat/diba/fitxers/arxiu/fulletons/bib_23509_1917_1918_baixa.pdf |y Accés lliure | |
| 901 | |a Arxiu | ||
| 942 | |n 1 |2 udc | ||
| 952 | |0 0 |1 0 |4 0 |6 RF1673 |7 1 |9 54949 |a Arxiu |b Arxiu |d 2012-08-06 |l 0 |o RF-16-73 |p 23509 |r 2016-12-01 00:00:00 |w 2016-12-01 |y ARXIU | ||
| 999 | |c 58819 |d 58819 | ||
| 900 | |a bib_23509_1917_1918_baixa.pdf | ||